<?xml version="1.0" encoding="UTF-8"?>
<record
    xmlns:xsi="http://www.w3.org/2001/XMLSchema-instance"
    xsi:schemaLocation="http://www.loc.gov/MARC21/slim http://www.loc.gov/standards/marcxml/schema/MARC21slim.xsd"
    xmlns="http://www.loc.gov/MARC21/slim">

  <leader>01100nam a2200265   4500</leader>
  <controlfield tag="003">OSt</controlfield>
  <controlfield tag="005">20260530113857.0</controlfield>
  <controlfield tag="008">260506b1973    enka|||| |||| 00| 0 eng d</controlfield>
  <datafield tag="020" ind1=" " ind2=" ">
    <subfield code="a">0723001073 (r&#xFA;stica)</subfield>
  </datafield>
  <datafield tag="020" ind1=" " ind2=" ">
    <subfield code="a">9780723001072 (r&#xFA;stica)</subfield>
  </datafield>
  <datafield tag="040" ind1=" " ind2=" ">
    <subfield code="a">ICI</subfield>
    <subfield code="b">spa</subfield>
    <subfield code="c">ICI</subfield>
  </datafield>
  <datafield tag="050" ind1="4" ind2=" ">
    <subfield code="a">NK1068</subfield>
    <subfield code="b">W37 1973</subfield>
  </datafield>
  <datafield tag="100" ind1="1" ind2=" ">
    <subfield code="a">Watson, William,</subfield>
    <subfield code="d">1917-,</subfield>
  </datafield>
  <datafield tag="245" ind1="1" ind2="0">
    <subfield code="a">The genius of China : </subfield>
    <subfield code="b">an exhibition of archaeological finds of the People's Republic of China held at the Royal Academy, London, by permission of the President and Council, from 29 September 1973 to 23 January 1974 /</subfield>
    <subfield code="c"> [text by William Watson]</subfield>
  </datafield>
  <datafield tag="250" ind1=" " ind2=" ">
    <subfield code="a">Reprinted with revisions</subfield>
  </datafield>
  <datafield tag="264" ind1=" " ind2="1">
    <subfield code="b">Times Newspapers,</subfield>
    <subfield code="c">1973</subfield>
    <subfield code="a">[London] : </subfield>
  </datafield>
  <datafield tag="300" ind1=" " ind2=" ">
    <subfield code="a">159 p&#xE1;ginas</subfield>
    <subfield code="c">24cm.</subfield>
  </datafield>
  <datafield tag="336" ind1=" " ind2=" ">
    <subfield code="a">texto</subfield>
    <subfield code="2">rdacontent</subfield>
  </datafield>
  <datafield tag="337" ind1=" " ind2=" ">
    <subfield code="a">sin medio</subfield>
    <subfield code="2">rdamedia</subfield>
  </datafield>
  <datafield tag="338" ind1=" " ind2=" ">
    <subfield code="a">volumen</subfield>
    <subfield code="2">rdacarrier</subfield>
  </datafield>
  <datafield tag="500" ind1=" " ind2=" ">
    <subfield code="a">"Sponsored by The Times and Sunday Times in association with the Royal Academy and the Great Britain/China Committee."</subfield>
  </datafield>
  <datafield tag="650" ind1="4" ind2=" ">
    <subfield code="a">Arte chino</subfield>
    <subfield code="x">Exposiciones</subfield>
    <subfield code="9">31876</subfield>
  </datafield>
  <datafield tag="651" ind1="4" ind2=" ">
    <subfield code="a">China </subfield>
    <subfield code="v">Exposiciones</subfield>
    <subfield code="x">Antig&#xFC;edades</subfield>
    <subfield code="9">27731</subfield>
  </datafield>
  <datafield tag="942" ind1=" " ind2=" ">
    <subfield code="2">lcc</subfield>
    <subfield code="c">BK</subfield>
  </datafield>
  <datafield tag="999" ind1=" " ind2=" ">
    <subfield code="c">11666</subfield>
    <subfield code="d">11666</subfield>
  </datafield>
</record>
